US Open Men's Champions - Statistics

General Stats
  • This quiz has been taken 31 times
  • The average score is 38 of 50
Answer Stats
Hint Answer % Correct
1984 John McEnroe
100%
1981 John McEnroe
100%
1980 John McEnroe
100%
1979 John McEnroe
100%
2008 Roger Federer
100%
2007 Roger Federer
100%
2006 Roger Federer
100%
2005 Roger Federer
100%
2004 Roger Federer
100%
1999 Andre Agassi
96%
1994 Andre Agassi
96%
2012 Andy Murray
96%
2015 Novak Djokovic
96%
2011 Novak Djokovic
96%
2002 Pete Sampras
96%
1996 Pete Sampras
96%
1995 Pete Sampras
96%
1993 Pete Sampras
96%
1990 Pete Sampras
96%
2017 Rafael Nadal
92%
2013 Rafael Nadal
92%
2010 Rafael Nadal
92%
1983 Jimmy Connors
85%
1978 Jimmy Connors
85%
1976 Jimmy Connors
85%
1974 Jimmy Connors
85%
1987 Ivan Lendl
81%
1986 Ivan Lendl
81%
1985 Ivan Lendl
81%
2003 Andy Roddick
77%
1989 Boris Becker
73%
2001 Lleyton Hewitt
73%
2014 Marin Cilic
73%
1969 Rod Laver
73%
2016 Stan Wawrinka
73%
1992 Stefan Edberg
73%
1991 Stefan Edberg
73%
2000 Marat Safin
69%
1988 Mats Wilander
69%
2009 Juan Martin Del Potro
62%
1973 John Newcombe
54%
1998 Patrick Rafter
50%
1997 Patrick Rafter
50%
1977 Guillermo Vilas
46%
1972 Ilie Nastase
42%
1970 Ken Rosewall
35%
1971 Stan Smith
31%
1975 Manuel Orantes
15%
1968 Arthur Ashe
4%
1982 Jimmy Connors
4%
No matching quizzes found
Score Distribution
Percent of People with Each Score
Percentile by Number Answered
Your Score History
You have not taken this quiz